Statistics for Island Countries with Inland Capitals

Click here to take the quiz!

General Stats

  • This quiz has been taken 43 times
  • The average score is 4 of 6

Answer Stats

Country% Correct
Madagascar
92%
United Kingdom
87%
Cyprus
82%
Sri Lanka
76%
Brunei
45%
Federated States of Micronesia
21%

Score Distribution

Percentile by Number Answered

Percent of People with Each Score

Your Score History

You have not taken this quiz